000 00438nam a2200169Ia 4500
003 GCL
008 140319s9999 xx 000 0 eng d
040 _aGCL /
_cGCL
082 0 4 _a843
_bM E
100 1 _aMARIVOUX
245 1 0 _aL'ECOLE DES MERES SUIVI DE LA MERE CONFIDENTE /
_cMARIVOUX
260 _a[S.N] :
_bLE LIVRE DE POCHE ،
_c1992
300 _a249 P
650 0 4 _aLITERATURE
650 0 4 _aFRENCH LITERATURE
942 _2ddc
_cBK
999 _c23405
_d23405